[Event "MEX-ch"]
[Site "Hermosillo"]
[Date "2003.12.06"]
[Round "9"]
[White "Bastidas Tirado, Alfredo"]
[Black "Blanco Fernandez, Alvaro"]
[Result "1/2-1/2"]
[WhiteElo "2068"]
[BlackElo "2390"]
[PlyCount "22"]
[EventDate "2003.12.01"]
[EventType "swiss"]
[EventRounds "9"]
[EventCountry "MEX"]
[SourceTitle "CBM 097 Extra"]
[Source "ChessBase"]
[SourceDate "2004.01.13"]
[SourceVersion "1"]
[SourceVersionDate "2004.01.13"]
[SourceQuality "1"]

1. f4 Nf6 2. Nf3 g6 3. b3 Bg7 4. Bb2 0-0 5. e3 d6 6. Be2 Nc6 7. 0-0 e5 8. fxe5 Ng4 9. Na3 Ngxe5 10. Qc1 Qe7 11. Nc4 Bd7 1/2-1/2